Μειονότητες στα Βαλκάνια : βαλκανικές διασκέψεις 1930-1934

Saved in:
Bibliographic Details
Main Author: Τούντα-Φεργάδη, Αρετή
Format: Book
Language:Greek
Published: Θεσσαλονίκη : Παρατηρητής, 1994
Subjects:
Tags: Add Tag
No Tags, Be the first to tag this record!

MARC

LEADER 00000nam a2200000 i 4500
001 1/98170
008 950307s1994 gre d
020 |a 960-260-764-5 
035 |l 10010836 
040 |a GR-MY-UA  |b gre  |e aacr 
041 0 |a gre 
082 0 |a 305.8009496 
100 1 |a Τούντα-Φεργάδη, Αρετή. 
245 1 0 |a Μειονότητες στα Βαλκάνια :  |b βαλκανικές διασκέψεις 1930-1934 /  |c Αρετή Τούντα-Φεργάδη 
260 |a Θεσσαλονίκη :   |b Παρατηρητής,   |c 1994 
300 |a 247 σ. 
504 |a Πηγές, βιβλιογραφία:σ. 239-247 
650 0 0 |a Minorities  |z Balkan Peninsula. 
852 |a INST  |b LESVOS  |e 19950307  |h 305.8009496 ΤΟΥ  |p 005100002585  |q 005100002585  |t BK  |y 0 
909 |a Λ  |b 039698 
922 |a 1ΔΩΡ  |b 199502  |c ΤΚΑ